000 00708nam a2200253Ia 4500
003 OSt
005 20220925231630.0
006 a|||||r|||| 00| 0
007 ta
008 220923b |||||||| |||| 00| 0 eng d
020 _a0719038316
_cN3
037 _cGeneral Book
040 _aRTL
_cRTL
_beng
041 _2eng
_aeng
082 _aY, N3
100 _aMorgan David Ed.
_9295824
245 0 _aDebates in sociology.
260 _aManchester
_bManchester University Press
_c1993
300 _aix,254p
_ccm.
500 _aBibliography chapterwise
700 _a Stanley Liz Ed.
_9135483
942 _hY, N3
_cGB
_2CC
999 _c589015
_d589015